| 000 | 00974nam a22003137a 4500 | ||
|---|---|---|---|
| 003 | CHAP | ||
| 005 | 20220329143555.0 | ||
| 008 | 100616s1991 us a r 00010 eng d | ||
| 010 | _a98723 | ||
| 011 | _a99695 | ||
| 020 | _a0877736391 | ||
| 035 | _a110381 | ||
| 040 | _cCHAP | ||
| 082 | 1 | 4 |
_a615.321097 _bH97 |
| 100 | 1 |
_aHutchens, Alma R. _957015 |
|
| 245 | 1 | 0 |
_aIndian herbalogy of North America _c/por Alma R. Hutchens |
| 260 |
_aBoston, USA. : _bShambhala, _c1991 |
||
| 300 |
_a382 p. : _bilus. |
||
| 590 |
_aBATCH-UPD _b10 _c20130110 _lUCH01 _h1005 |
||
| 590 |
_aBATCH-UPD _b10 _c20130410 _lUCH01 _h0615 |
||
| 590 |
_aBATCH-UPD _b10 _c20130914 _lUCH01 _h0743 |
||
| 590 |
_aCONVERSION _b10 _c20130109 _lUCH01 _h1355 |
||
| 650 | 1 | 4 |
_aBotánica médica. _914680 |
| 650 | 1 | 4 |
_aEtnobotánica. _938611 |
| 650 | 1 | 4 |
_aIndios de América _xMedicina. _957581 |
| 901 | _aBK | ||
| 942 | _cLIBRO | ||
| 949 |
_a615.321097 H97 _bBC _cLIBRO _d33724002178413 _eLIBRO _gI.c/e _h112900 _i110381 _sb |
||
| 999 |
_c98723 _d98723 |
||